Истоки феноменологической модели безумия в творчестве Ф.М. Достоевского; Актуальные проблемы литературоведения и лингвистики; Вып. 13, т. 2

Chi tiết về thư mục
Parent link:Актуальные проблемы литературоведения и лингвистики: материалы конференции молодых ученых, 5-7 апреля 2012 г., Томск/ Томский государственный университет (ТГУ).— , 2012
Вып. 13, т. 2.— 2012.— [С. 119-123]
Tác giả chính: Медведева Д. А. Диана Анатольевна
Tác giả khác: Казаков А. А. (научный руководитель)
Tóm tắt:Заглавие с экрана
Ngôn ngữ:Tiếng Nga
Được phát hành: 2012
Những chủ đề:
Truy cập trực tuyến:http://old.philology.tsu.ru/uploads/files/lit.pdf#page=119
Định dạng: Điện tử Chương của sách
KOHA link:https://koha.lib.tpu.ru/cgi-bin/koha/opac-detail.pl?biblionumber=641183

MARC

LEADER 00000naa0a2200000 4500
001 641183
005 20250314144414.0
035 |a (RuTPU)RU\TPU\network\6067 
090 |a 641183 
100 |a 20150512d2012 k y0rusy50 ca 
101 0 |a rus 
102 |a RU 
135 |a drcn ---uucaa 
181 0 |a i  
182 0 |a b 
200 1 |a Истоки феноменологической модели безумия в творчестве Ф.М. Достоевского  |f Д. А. Медведева  |g науч. рук. А. А. Казаков 
203 |a Текст  |c электронный 
300 |a Заглавие с экрана 
320 |a [Библиогр.: с. 123 (6 назв.)] 
461 |t Актуальные проблемы литературоведения и лингвистики  |o материалы конференции молодых ученых, 5-7 апреля 2012 г., Томск  |f Томский государственный университет (ТГУ)  |d 2012 
463 |t Вып. 13, т. 2  |v [С. 119-123]  |d 2012 
600 1 |a Достоевский  |g Федор Михайлович  |f 1821-1881  |c русский писатель  |b Ф. М.  |2 stltpush  |3 (RuTPU)RU\TPU\pers\1038 
610 1 |a электронный ресурс 
610 1 |a труды учёных ТПУ 
610 1 |a безумие 
700 1 |a Медведева  |b Д. А.  |c лингвист  |c старший преподаватель Томского политехнического университета  |f 1989-  |g Диана Анатольевна  |3 (RuTPU)RU\TPU\pers\34533  |9 17914 
702 1 |a Казаков  |b А. А.  |4 727 
801 2 |a RU  |b 63413507  |c 20150512  |g RCR 
856 4 |u http://old.philology.tsu.ru/uploads/files/lit.pdf#page=119 
942 |c CF